Česko na cestě k udržitelným veřejným financím: ještě není vyhráno

České verejné financie prešli behom posledných štyroch rokov dôležitými zmenami. Jeden súbor opatrení mal za cieľ ozdraviť rozpočty po covidovom pustení žilou, druhý súbor sa zameral na udržateľnosť verejných financií v dlhodobom horizonte. Zatiaľ čo v krátkodobej konsolidácii bude treba pokračovať,...

ver descrição completa

Na minha lista:
Detalhes bibliográficos
Autor principal: Musil, Petr
Formato: Capítulo de Livro
Idioma:tcheco
Assuntos:
Tags: Adicionar Tag
Sem tags, seja o primeiro a adicionar uma tag!

MARC

LEADER 00000naa a2200000 4500
001 0314701
005 20260203115210.3
041 0 |a cze 
044 |a CZ 
245 1 0 |a Česko na cestě k udržitelným veřejným financím: ještě není vyhráno  |c Petr Musil 
520 |a České verejné financie prešli behom posledných štyroch rokov dôležitými zmenami. Jeden súbor opatrení mal za cieľ ozdraviť rozpočty po covidovom pustení žilou, druhý súbor sa zameral na udržateľnosť verejných financií v dlhodobom horizonte. Zatiaľ čo v krátkodobej konsolidácii bude treba pokračovať, u dlhodobých zmien bude prvoradou úlohou udržať nastúpený trend. 
610 2 0 |a financie verejné 
610 2 0 |a financie udržateľné 
610 2 0 |a rozpočty verejné 
610 2 0 |a zodpovednosť rozpočtová 
610 2 0 |a pandémia 
610 2 0 |a koronavírus 
610 2 0 |a Česko 
100 1 |a Musil, Petr